| 000 | 00967nam a2200229Ia 4500 | ||
|---|---|---|---|
| 003 | Ost | ||
| 005 | 20260507075209.0 | ||
| 008 | 260507s9999||||xx |||||||||||||| ||und|| | ||
| 020 | _a×995718153 | ||
| 040 | _cfsecg | ||
| 041 | _aara | ||
| 082 | _a330 | ||
| 100 |
_aآل شبيب، دريد كامل _eمؤلف |
||
| 245 | 0 |
_aمبادئ الادارة المالية / _c دريد كامل آل شبيب |
|
| 260 |
_aعمان: _bدار المناهج, _c2007 |
||
| 300 |
_a235 صفحة؛ _bإيضاحات ؛ _c24 سم |
||
| 504 | _aمراجع ص.233 ؛ملاحق ص.205 | ||
| 520 | _aمقدمة في الادارة المالية ، العائد و المخاطر في الادارة المالية ، التحليل المالي ، سياسات و مصادر التمويل ، القيمة الزمنية للنقود، البيئة المالية . | ||
| 653 | _aالإدارة المالية | ||
| 653 | _aالمالية العامة | ||
| 942 | _cكتاب | ||
| 999 |
_c43455 _d43455 |
||